MARC

LEADER 00000nam0a2200000 4500
001 331113
005 20231102004326.0
035 |a (RuTPU)RU\TPU\book\356901 
090 |a 331113 
100 |a 20170414d1963 m y0rusy50 ca 
101 0 |a rus 
102 |a RU 
105 |a a j 001zy 
200 1 |a Рудничные подъемные установки  |e учебное пособие  |f Н. К. Правицкий 
210 |a Москва  |c Госгортехиздат  |d 1963 
215 |a 416 с.  |c ил. 
320 |a Библиогр.: с. 356 
606 1 |a Рудничные подъемные установки  |x Эксплуатация  |2 stltpush  |3 (RuTPU)RU\TPU\subj\25857  |9 49914 
610 1 |a рудничные установки 
610 1 |a подъемные установки 
610 1 |a механическое оборудование 
610 1 |a сосуды 
610 1 |a канаты 
610 1 |a машины 
610 1 |a динамика 
610 1 |a кинематика 
610 1 |a тормозные устройства 
610 1 |a электрическое оборудование 
610 1 |a асинхронный привод 
610 1 |a автоматизация 
610 1 |a гидроэлектропривод 
610 1 |a защитные аппараты 
610 1 |a учебные пособия 
675 |a 622.673.1(075.8)  |v 4 
700 1 |a Правицкий  |b Н. К.  |g Николай Клементьевич 
801 1 |a RU  |b 63413507  |c 20170414 
801 2 |a RU  |b 63413507  |c 20170418  |g RCR 
942 |c BK